| 000 | 00485nam a2200193Ia 4500 | ||
|---|---|---|---|
| 005 | 20250423095628.0 | ||
| 008 | 250422s9999 xx 000 0 und d | ||
| 020 | _a0071215336 |a 0072919329 | ||
| 050 | _aQP 34.5 .S55/ | ||
| 100 | _aShier, David | ||
| 245 | 0 | _aHole's human anatomy & physiology (laboratory manual) | |
| 250 | _a10th ed. | ||
| 260 | _aBoston | ||
| 260 | _bMcGraw-Hill | ||
| 260 | _c2004 | ||
| 300 | _a516 p | ||
| 650 | _aAnatomy Physiology | ||
| 942 | _cBK | ||
| 999 |
_c30849 _d30849 |
||